Papa's wife /

Saved in:
Bibliographic Details
Main Author: Bjorn, Thyra Ferre, 1905-1975
Format: Book
Language:English
Published: London : Hutchinson, 1957.
LEADER 00724nam a2200205 a 4500
001 c000089844
003 CARM
005 00000000000000.0
008 930503s1957 enk 00011 eng d
019 1 |a 9991192  |5 LACONCORD2021 
035 |a (OCoLC)30201393  |5 LACONCORD2021 
040 |a VLINC  |c VLINC 
100 1 |a Bjorn, Thyra Ferre,  |d 1905-1975. 
245 1 0 |a Papa's wife /  |c Thyra Ferre Bjorn. 
260 |a London :  |b Hutchinson,  |c 1957. 
300 |a 256 p. ;  |c 22 cm. 
852 8 |b CARM  |h A2:AG25A0  |i B02742  |p 0117692  |f BK 
082 0 4 |a 823.914  |2 20 
999 f f |i 14e7dec6-db62-53cd-a8d7-99e75b259b4a  |s f7d880c3-d9a3-51e7-b8c9-8de470138070 
952 f f |p Can circulate  |a CAVAL  |b CAVAL  |c CAVAL  |d CARM 1 Store  |e B02742  |f A2:AG25A0  |h Other scheme  |i book  |m 0117692